000 02519cam a22004694i 4500
003 PE-LiUPU
005 20250731173322.0
008 150625s2007 tnu r 000 0 spa d
020 _a9780805432756
035 _a(Sirsi) i9780805432756
040 _aPE-LiUPU
_bspa
_cPE-LiUPU
_erda
049 _aPRUA
082 0 4 _a228
_bR75
_221
100 1 _aRogers, Adrian,
_eautor.
245 1 0 _aApocalipsis :
_bel fin de los tiempos. El triunfo del Cordero de Dios /
_cAdrian Rogers.
264 1 _aNashiville, TN :
_bB and H Español,
_c2007.
300 _a273 páginas ;
_c23 centímetros
336 _atext
_2rdacontent
337 _aunmediated
_2rdamedia
338 _avolume
_2rdacarrier
505 0 _aEl futuro está aquí. -La importancia de los números. -El triunfo del cordero. -Él tiene las llaves. -La llave de oro para abrir el libro de Apocalipsis. -Cómo mantener ardiente el fuego espiritual. -El grito de medianoche y el arrebatamiento de la iglesia. -Digno es el cordero. -La ira del cordero y la subsiguiente tribulación. -¡Qué poderoso es el Dios al cual servimos!. -Cuando los demonios dominan. -Desenfreno. -Jesucristo, el único y verdadero. -Cuando se persiga a los profetas. -Por qué amo a Israel. -Biografía de la bestia. -La marca de la bestia. -Las decisiones de los vivos y el destino de los muertos. -Cómo ganar y celebrar la victoria. -La bella y la bestia. -Adiós a Babilonia. -Las bodas del Cordero. -Nuestro rey regresa. -Las señales en el camino hacia Armagedón. -El juicio final de los muertos que no fueron salvos. -La edad de oro. -Una visita guiada por el cielo. -El Cordero ha vencido.
526 _aSEG42
526 _aSEG41
526 _aSEG40
526 _aSEG39
526 _aP94
526 _aP87
526 _aP86
526 _aP85
526 _aP77
526 _aP76
526 _aP35
541 _g003-0003441;
630 0 4 _aBiblia.
_pN.T.
_pApocalipsis
_xComentarios.
650 1 4 _aEscatología.
_95923
910 _bjv
_clch
_d20080109
942 _2ddc
_cBOOK
949 _a228 R75
_wDEWEY
_c1
_i57678
_d2016-6-14
_e2016-6-13
_lCCODEBUL1
_mBUL
_n7
_p9.00
_r0
_sY
_tBOOK
_u2015-6-25
_xTEOLOGIA
_zUNKNOWN
_0COMPRA
_o.STAFF. Colección General
994 _aC0
_bPEPRU
596 _a1
999 _a228 R75
_wDEWEY
_c46684
_i57678
_d46684
_e2016-6-13
_f2021-11-11
_g5
_lCCODEBUL1
_mBUL
_n7
_p9.00
_q38
_r0
_sY
_tBOOK
_u2015-6-25
_xTEOLOGIA
_zUNKNOWN
_0COMPRA
_o.STAFF. Colección Teología
980 _81
_gALBERTO SANCHEZ Responsable de Automatización